[Event "ZN-2014-0-02818"]
[Site "LSS email"]
[Date "2014.10.04"]
[Round "?"]
[White "Venturas, Bob"]
[Black "Gantt, Kyle"]
[Result "1-0"]
[WhiteElo "686"]
[BlackElo "466"]
[PlyCount "33"]
[EventDate "2014.09.27"]
[EventType "match (corr)"]
[EventRounds "2"]
[EventCountry "GER"]
[SourceTitle "Corr 2015"]
[Source "ChessBase"]
[SourceDate "2015.07.17"]
[SourceVersion "1"]
[SourceVersionDate "2015.07.17"]
[SourceQuality "1"]

1. d4 f5 2. d5 e5 3. Nc3 d6 4. e4 fxe4 5. Nxe4 Bf5 6. Bg5 Nf6 7. Nxf6+ gxf6 8. Bh4 Bh6 9. Qf3 Bf4 10. g3 Rg8 11. gxf4 Rg4 12. Bg3 c5 13. dxc6 bxc6 14. Bh3 Rxg3 15. Qxg3 Kf7 16. Bxf5 Qg8 17. Qh3 1-0

[Event "OP-2013-0-02703"]
[Site "LSS email"]
[Date "2013.03.26"]
[Round "?"]
[White "Gantt, Kyle"]
[Black "Henke, Simon"]
[Result "0-1"]
[WhiteElo "800"]
[BlackElo "1405"]
[PlyCount "52"]
[EventDate "2013.03.23"]
[EventType "tourn (corr)"]
[EventRounds "4"]
[EventCountry "GER"]
[SourceTitle "Telechess CBM 161"]
[Source "ChessBase"]
[SourceDate "2014.07.16"]
[SourceVersion "1"]
[SourceVersionDate "2014.07.16"]
[SourceQuality "1"]

1. e3 c5 2. c3 d5 3. Ne2 Nc6 4. a4 e5 5. g3 Bg4 6. d4 Bf3 7. Rg1 cxd4 8. cxd4 exd4 9. h3 Bb4+ 10. Bd2 dxe3 11. Bxb4 Nxb4 12. Bg2 Rc8 13. Bxf3 Nc2+ 14. Qxc2 Rxc2 15. fxe3 Nf6 16. g4 Ne4 17. Nbc3 Rxb2 18. Ra2 Rxa2 19. Nxa2 Qa5+ 20. Kf1 Nd2+ 21. Ke1 Nxf3+ 22. Kf2 Nxg1 23. Nxg1 Qd2+ 24. Ne2 Qxa2 25. Kf1 Qxa4 26. Kf2 Kd7 0-1